| 000 | 02032nam a2200445 i 4500 | ||
|---|---|---|---|
| 001 | 194790 | ||
| 003 | SpMaBN | ||
| 005 | 20260216183915.0 | ||
| 007 | ta | ||
| 008 | 240516s2018 sp a | |||| 000 0 spa | ||
| 017 |
_aCC 405-2018 _bOficina Depósito Legal Cáceres |
||
| 035 | _a(OCoLC)1107100791 | ||
| 035 | _aa6430130 | ||
| 040 |
_aSpMaBN _bspa _cSpMaBN _erda _dES-MaACL |
||
| 080 | _a332.24.012.324(460.251)(083.8) | ||
| 080 | _a726:27-523.6(460.251) | ||
| 080 | _a332.264.4(460.251)"18" | ||
| 100 | 1 |
_aRamos Rubio, José Antonio, _d1963- _0XX925733 _eaut _9174430 |
|
| 245 | 1 | 0 |
_aBienes, muebles, ornamentos, enseres y demás efectos recogidos en algunos conventos desamortizados en la provincia de Cáceres / _cJosé Antonio Ramos Rubio, Santiago Molano Caballero. |
| 264 | 1 |
_a[Cáceres] : _bJ.A. Ramos, _bS. Molano, _c[2018] |
|
| 264 | 3 |
_a[Las Rozas de Madrid] : _bMerydeis Gruppo, S.L., _c[fecha de fabricación no identificada] |
|
| 300 |
_a227 páginas : _bfotografías (blanco y negro) ; _c24 cm |
||
| 336 |
_aTexto _2rdacontent |
||
| 337 |
_asin mediación _2rdamedia |
||
| 338 |
_avolumen _2rdacarrier |
||
| 500 | _aCatalogación en proceso. Signatura: N 8645. Depósito J. | ||
| 504 | _aIncluye referencias bibliográficas | ||
| 650 | 7 |
_aPatrimonio eclesiástico _zCáceres (Provincia) _vInventarios _2embne _9236424 |
|
| 650 | 7 |
_aConventos _zCáceres (Provincia) _2embne _9236425 |
|
| 650 | 7 |
_aDesamortización _zCáceres (Provincia) _2embne _9236426 |
|
| 700 | 1 |
_aMolano Caballero, Santiago _9236427 _eaut |
|
| 852 |
_aES-MaACL _cDEPOJ _jN-8645 _hDonación: José Antonio Ramos Rubio y Santiago Molano Caballero _9202439 _bR.153062 _zEn proceso |
||
| 903 |
_aRamos Rubio, José Antonio, _d1963- _ednr _9174430 |
||
| 903 |
_9236427 _aMolano Caballero, Santiago _ednr |
||
| 942 |
_n0 _cMONOGRAFIA |
||
| 999 |
_c194790 _d194790 |
||